La Corte Suprema en escena : una etnografía del mundo judicial /

Estudio etnográfico sobre el funcionamiento de la Corte Suprema de Justicia de la Nación Argentina (CSJNA), el máximo tribunal de justicia de la nación sudamericana.

Uloženo v:
Podrobná bibliografie
Hlavní autor: Barrera, Leticia (autor)
Další autoři: Gargarella, Roberto (presentación) (presentación), Bergallo, Paola (presentación) (presentación)
Médium: Kniha
Jazyk:španělština
Vydáno: Buenos Aires, Argentina : Siglo XXI, 2012, c2012
Edice:(Derecho y Política)
Témata:
Tagy: Přidat tag
Žádné tagy, Buďte první, kdo vytvoří štítek k tomuto záznamu!

MARC

LEADER 00000nam^a2200000^a^4500
001 000349025
005 20250521000000.0
009 20260310114901.339
020 |a 978-987-629-233-7 
037 |a Acervo ITESO - Biblioteca 
041 |a ESP 
082 |a 347. 82035  |b BAR 
100 |a Barrera, Leticia  |e (autor) 
245 1 3 |a La Corte Suprema en escena :  |b una etnografía del mundo judicial /  |c L. Barrera ; presen. de R. Gargarella, P. Bergallo ; pról. de Mariana Valverde. 
264 4 |a Buenos Aires, Argentina :  |b Siglo XXI,  |c 2012, c2012 
300 |a 174 p. 
336 |a texto  |b txt  |2 rdacontenido 
337 |a sin mediación  |b n  |2 rdamedio 
338 |a volumen  |b nc  |2 rdasoporte 
440 1 |a (Derecho y Política) 
520 |a Estudio etnográfico sobre el funcionamiento de la Corte Suprema de Justicia de la Nación Argentina (CSJNA), el máximo tribunal de justicia de la nación sudamericana. 
521 |a FIL 2014 Departamento de Estudios Sociopolíticos y Jurídicos 
649 |a XX 
650 |a Suprema Corte de Justicia -  |z Argentina -  |x Tema Principal 
650 |a Tribunales -  |z Argentina 
650 |a Derecho Procesal -  |z Argentina 
650 |a Derecho Público -  |z Argentina 
700 |a Gargarella, Roberto  |e (presentación) 
700 |a Bergallo, Paola  |e (presentación) 
910 |a Fondo General 
920 |a Impresos - Libros 
930 |a Colección General 
905 |a 101 
901 |a 0500239217  |b IT1  |c ACC  |i C143438  |u 20250521 
902 |a https://opac.biblio.iteso.mx/vufind/Record/000349025